Nový regionalismus: proces a teorie

Vymedzenie pojmu nový regionalizmus. Komparácia starého a nového regionalizmu. Vzťah medzi regionalizmom a multilaterálnymi rokovaniami na pôde WTO. Teoretická reflexia procesu nového regionalizmu.

Uložené v:
Podrobná bibliografia
Hlavný autor: Řehák, Vilém, 1983-
Médium: Kapitola
Jazyk:Czech
Predmet:
Tagy: Pridať tag
Žiadne tagy, Buďte prvý, kto otaguje tento záznam!

MARC

LEADER 00000naa a2200000 4500
001 0120415
005 20220729110333.5
041 0 |a cze 
044 |a SK 
245 1 0 |a Nový regionalismus: proces a teorie  |c Vilém Řehák 
520 |a Vymedzenie pojmu nový regionalizmus. Komparácia starého a nového regionalizmu. Vzťah medzi regionalizmom a multilaterálnymi rokovaniami na pôde WTO. Teoretická reflexia procesu nového regionalizmu. 
610 2 0 |a hospodárstvo svetové 
610 2 0 |a Svetová obchodná organizácia 
610 2 0 |a globalizácia 
610 2 0 |a regionalizácia 
100 1 |a Řehák, Vilém, 1983-